000 00477nam a22001937a 4500
003 MPLRDC
005 20220104144155.0
008 210129b ||||| |||| 00| 0 eng d
020 _a7-5332-3593-2
082 _a308 SYSN v.7
100 _a乔迪奇
245 _a人类生活与经济
_c莫亦群 译
250 _a一版二刷
260 _a
_b明天
_c2001
300 _b
490 _a视野少年百科全书
650 _a百科全书
942 _cBK
_o308 SYSN v.7
999 _c47096
_d47086